000 00901nas a2200289 4500
001 BR0500808
003 BR-BrBNA
005 20231205105148.0
007 ta
008 230509b bl.|||p| |||| 00| 00por d
040 _aBR-BrBNA
_bpor
_cBiblioteca Nacional de Agricultura
041 _a(Pt)
072 _aN10; L01
100 1 _aWagner, S.A.
100 1 _aGehlen, I.
100 1 _aWiest, J.M.
245 1 _aPadrão tecnológico em unidades de produção familiar de leite no Rio Grande do Sul relacionado com diferentes tipologias
650 _aPROPRIEDADE RURAL
650 _aFAZENDA
650 _aAGRICULTURA FAMILIAR
650 _aPRODUÇÃO LEITEIRA
650 _aMÉTODO
650 _aRIO GRANDE DO SUL
773 0 _tCiência Rural (Brazil)
_xISSN 0103-8478
_g(Sep-Oct 2004), v. 34(5) p. 1579-1584
_wBR0500808
909 _a202311
_bLúcia
_c55
_dLúcia Elande
942 _2AGRIS
_n0
_cANA
999 _c181553
_d181553